000 00574nam a22001815i 4500
001 68382
003 ES-MaACL
005 20230906170254.0
007 t|
008 960801s1861 sp a ||||1| spa d
040 _aCAM
_bspa
_cCAM
100 1 _aGarcía Escobar, Ventura.
_954569
245 1 4 _aLos comuneros de Castilla
_b: novela histórica original /
_cde Ventura García Escobar.
250 _aEd. de lujo ...
260 _aMadrid :
_b[s.n.],
_c1861 (
_fImprenta de Pascual Gracia y Orga)
300 _a845 p., [18] h. de grab. ;
_c24 cm.
852 _aES-MaACL
_jC-2809
999 _c68382
_d68382